[Event "Catalan Youth-ch 2020"]
[Site "Salou"]
[Date "2020.09.08"]
[Round "6.7"]
[White "Mompel Ferruz, Xavier"]
[Black "Prada Villagrasa, Pau Manel"]
[Result "1/2-1/2"]
[WhiteElo "1505"]
[BlackElo "1573"]
[Annotator "NA RC"]
[PlyCount "70"]
[EventDate "2020.09.07"]
[EventType "swiss"]
[EventCountry "ESP"]
[SourceTitle "playchess.com"]
[Source "ChessBase"]
[SourceQuality "1"]
[TimeControl "5400+30"]

1. e4 {[%emt 0:00:00]} e5 {[%emt 0:00:06]} 2. Nc3 {[%emt 0:00:15]} Nf6 {[%emt 0:01:17]} 3. Bc4 {[%emt 0:00:37]} Nc6 {[%emt 0:01:31]} 4. d3 {[%emt 0:00:39]} Na5 {[%emt 0:01:22]} 5. Nge2 {[%emt 0:00:57]} Nxc4 {[%emt 0:01:05]} 6. dxc4 {[%emt 0:00:09]} d6 {[%emt 0:01:40]} 7. Qd3 {[%emt 0:03:04]} Be6 {[%emt 0:01:34]} 8. Be3 {[%emt 0:02:15]} Be7 {[%emt 0:01:04]} 9. O-O-O {[%emt 0:06:55]} Ng4 {[%emt 0:04:34]} 10. Ng3 {[%emt 0:00:00]} Bg5 {[%emt 0:01:58]} 11. Rdf1 {[%emt 0:07:39]} Bxe3+ {[%emt 0:06:25]} 12. fxe3 {[%emt 0:00:00]} Qd7 {[%emt 0:00:44]} 13. Nf5 {[%emt 0:00:00]} Bxf5 {[%emt 0:06:15]} 14. Rxf5 {[%emt 0:00:00]} O-O-O {[%emt 0:01:24]} 15. Rhf1 {[%emt 0:00:00]} f6 {[%emt 0:01:46]} 16. Rh1 {[%emt 0:06:26]} Kb8 {[%emt 0:03:49]} 17. h3 {[%emt 0:00:00]} Nh6 {[%emt 0:00:32]} 18. Rf2 {[%emt 0:00:59]} Nf7 {[%emt 0:00:43]} 19. Rd1 {[%emt 0:00:26]} Qc6 {[%emt 0:03:33]} 20. Rfd2 {[%emt 0:04:32]} Ng5 {[%emt 0:01:31]} 21. b4 {[%emt 0:02:34]} Qa6 {[%emt 0:00:57]} 22. Kb2 {[%emt 0:00:11]} Qb6 {[%emt 0:02:12]} 23. a3 {[%emt 0:01:22]} Ne6 {[%emt 0:00:59]} 24. Ka2 {[%emt 0:02:06]} c5 {[%emt 0:03:51]} 25. Nd5 {[%emt 0:03:09]} Qa6 {[%emt 0:02:03]} 26. b5 {[%emt 0:00:00]} Qa5 {[%emt 0:02:54]} 27. Qc3 {[%emt 0:02:48]} Qxc3 {[%emt 0:02:58]} 28. Nxc3 {[%emt 0:00:08]} Kc7 {[%emt 0:00:11]} 29. b6+ {[%emt 0:02:38]} axb6 {[%emt 0:01:10]} 30. Rxd6 {[%emt 0:03:35]} Rxd6 {[%emt 0:01:59]} 31. Nb5+ {[%emt 0:02:06]} Kb8 {[%emt 0:02:14]} 32. Rxd6 {[%emt 0:02:35]} Ng5 {[%emt 0:00:58]} 33. Rd7 {[%emt 0:12:40]} Nxe4 {[%emt 0:07:08]} 34. Rxg7 {[%emt 0:00:00]} Kc8 {[%emt 0:08:20]} 35. Rf7 {[%emt 0:12:51]} h5 {[%emt 0:00:00]} 1/2-1/2

[Event "Catalan Youth-ch 2020"]
[Site "Salou"]
[Date "2020.09.08"]
[Round "6.8"]
[White "Roca Planas, Edgar"]
[Black "Juncosa Padros, Ernest"]
[Result "1-0"]
[WhiteElo "2059"]
[BlackElo "1796"]
[Annotator "TA"]
[PlyCount "45"]
[EventDate "2020.09.07"]
[EventType "swiss"]
[EventCountry "ESP"]
[SourceTitle "playchess.com"]
[Source "ChessBase"]
[SourceQuality "1"]

{[%evp 9,45,0,0,0,0,0,0,0,0,0,5,3,1,0,20,4,15,0,27,24,19,0,74,64,86,63,113,135,104,110,587,555,654,627,29990,29991,29991,29992]} 1. e4 c5 2. Nf3 e6 3. b3 b6 4. Bd3 Nc6 5. O-O Bb7 6. Re1 {B40: Sicilian: 2...e6, Unusual lines.} Be7 7. Bb2 Nf6 8. e5 {The position is equal.} Nh5 9. g3 O-O 10. Bf1 {[#]} g6 $146 ({Predecessor:} 10... Qe8 11. Bg2 f5 12. exf6 Bxf6 13. Bxf6 Nxf6 14. Nc3 Ne7 15. d4 Nf5 16. dxc5 bxc5 {0-1 (28) Skawinski,A (2398)-Iturrizaga Bonelli,E (2635) Suwalki 2019}) 11. Bg2 Qc7 12. Na3 $36 {[%cal Bb1a3,Ba3c4,Bc4e3,Be3g4,Bg4f6][%mdl 2080] Black is under pressure.} a6 13. Nc4 Ng7 14. Ne3 Rac8 15. d3 Qb8 (15... Nf5 $11) 16. Ng4 $16 Ne8 17. Qd2 h5 {[#]} 18. Nf6+ $1 Bxf6 19. exf6 d6 $2 {[%mdl 8192] Black cannot hold the game after this.} (19... Nd4 $16 20. Nxd4 cxd4) 20. Qg5 e5 {[#]} 21. Nh4 $1 {[%cal Rh4g6] Nxg6! would kill now.} Qc7 {[#]} 22. Bd5 $1 {[%mdl 512]} Kh7 23. Bc1 {Accuracy: White = 100%, Black = 57%.} 1-0

[Event "Catalan Youth-ch 2020"]
[Site "Salou"]
[Date "2020.09.08"]
[Round "6.8"]
[White "Jordana Nagera, Pol"]
[Black "Sanchez Vacova, Alejandro"]
[Result "1/2-1/2"]
[WhiteElo "1229"]
[BlackElo "1149"]
[Annotator "NA RC"]
[PlyCount "54"]
[EventDate "2020.09.07"]
[EventType "swiss"]
[EventCountry "ESP"]
[SourceTitle "playchess.com"]
[Source "ChessBase"]
[SourceQuality "1"]
[TimeControl "5400+30"]

1. e4 {[%emt 0:00:35]} c5 {[%emt 0:00:36]} 2. Nf3 {[%emt 0:02:10]} g6 {[%emt 0:01:30]} 3. d4 {[%emt 0:02:07]} cxd4 {[%emt 0:03:24]} 4. Nxd4 {[%emt 0:00:55]} Bg7 {[%emt 0:01:31]} 5. Be3 {[%emt 0:03:31]} Nc6 {[%emt 0:03:39]} 6. Nc3 {[%emt 0:01:38]} Nf6 {[%emt 0:02:18]} 7. Bc4 {[%emt 0:06:40]} d6 {[%emt 0:01:49]} 8. f3 {[%emt 0:00:34]} Bd7 {[%emt 0:04:28]} 9. Qd2 {[%emt 0:01:35]} a6 {[%emt 0:03:23]} 10. Bb3 {[%emt 0:01:11]} Na5 {[%emt 0:08:24]} 11. O-O {[%emt 0:10:35]} Nxb3 {[%emt 0:00:00]} 12. axb3 {[%emt 0:03:09]} O-O {[%emt 0:05:51]} 13. Rad1 {[%emt 0:04:57]} Rc8 {[%emt 0:07:33]} 14. Ra1 {[%emt 0:11:46]} Re8 {[%emt 0:09:16]} 15. Nb1 {[%emt 0:06:46]} Qc7 {[%emt 0:07:39]} 16. c4 {[%emt 0:08:47]} Bc6 {[%emt 0:00:00]} 17. Nc3 {[%emt 0:00:00]} Nd7 {[%emt 0:00:00]} 18. Rfc1 {[%emt 0:04:03]} Nc5 {[%emt 0:00:00]} 19. Nd5 {[%emt 0:01:09]} Bxd5 {[%emt 0:00:00]} 20. cxd5 {[%emt 0:03:52]} Qd7 {[%emt 0:00:00]} 21. Qd1 {[%emt 0:02:14]} e6 {[%emt 0:00:00]} 22. dxe6 {[%emt 0:02:33]} Nxe6 {[%emt 0:00:00]} 23. Nxe6 {[%emt 0:00:34]} Qxe6 {[%emt 0:00:00]} 24. Rxc8 {[%emt 0:01:05]} Rxc8 {[%emt 0:00:00]} 25. Rc1 {[%emt 0:00:56]} Rxc1 {[%emt 0:00:00]} 26. Qxc1 {[%emt 0:00:08]} Qd7 {[%emt 0:00:00]} 27. Qd2 {[%emt 0:00:41]} Qc7 {[%emt 0:00:00]} 1/2-1/2

[Event "Catalan Youth-ch 2020"]
[Site "Salou"]
[Date "2020.09.09"]
[Round "7.1"]
[White "Castillo Dalmau, Albert"]
[Black "Sole Pijuan, Ferran"]
[Result "1/2-1/2"]
[WhiteElo "2204"]
[BlackElo "2127"]
[Annotator "TA"]
[PlyCount "144"]
[EventDate "2020.09.07"]
[EventType "swiss"]
[EventCountry "ESP"]
[SourceTitle "playchess.com"]
[Source "ChessBase"]
[SourceQuality "1"]

{[%evp 18,144,8,0,10,-18,0,-7,0,-11,0,-12,25,27,73,47,51,-79,105,98,122,20,26,9,35,10,5,6,81,0,13,0,0,-21,-2,-121,-75,-456,-292,-508,-494,-504,-497,-677,-270,-262,0,19,429,430,422,350,372,337,685,665,622,29,32,29,29,31,27,27,25,25,26,26,25,33,33,25,37,35,25,25,29,8,8,8,8,8,20,56,56,56,156,8,8,8,8,8,8,8,8,0,8,0,0,0,8,0,0,0,8,-39,0,-166,0,-739,-704,-753,-618,-29952,-29949,-29953,-5497,-29959,-29955,-29937,-12851,-12809,-12791,-3274,-9596,-6394,-4968,-1640,0]} 1. Nf3 d5 2. g3 c6 3. Bg2 Bg4 4. O-O Nd7 5. d3 e6 6. Nbd2 Bd6 7. e4 Ne7 8. h3 Bh5 9. b3 O-O 10. Bb2 Re8 {A07: Réti Opening: New York and Capablanca Systems.} 11. Qe2 Rc8 {[#]} 12. g4 $146 ({Predecessor:} 12. e5 Bc7 13. g4 Bg6 14. Nh4 c5 15. f4 Nc6 16. Nxg6 hxg6 17. Nf3 f6 18. Rae1 fxe5 19. Nxe5 Ndxe5 20. fxe5 {½-½ (32) Petran,P (2380)-Vyzmanavin,A (2590) Cappelle-la-Grande 1992}) 12... Bg6 {The position is equal.} 13. e5 Bb8 14. Nh4 c5 15. f4 $1 Nc6 16. Nxg6 hxg6 17. c4 (17. Nf3 $1 $14 {stays ahead.}) 17... dxc4 $2 (17... g5 $1 $17 {keeps the pressure on.} 18. fxg5 (18. cxd5 exd5 19. fxg5 Ndxe5 $17) 18... Ndxe5) 18. dxc4 $16 ({Don't play} 18. bxc4 $6 g5 $11) 18... g5 19. Nf3 ({Better is} 19. Bxc6 $1 $16 Rxc6 20. fxg5) 19... gxf4 $11 20. Qe4 Nf8 21. Qxf4 Ng6 22. Qe4 Qe7 (22... Rf8 $11) 23. Rf2 (23. g5 $1 $16) 23... Rcd8 $1 24. Raf1 Rd7 25. Qe3 Red8 26. Ba3 (26. h4 $11 {keeps the balance.}) 26... b6 {[%cal Rc6e5]} 27. Ng5 $2 {[%mdl 8192]} (27. Bb2 $17 {is more resistant.}) 27... Ncxe5 28. Be4 $2 {[#]} (28. Bc1 {might work better.} f6 29. Ne4) 28... Rd3 $1 $19 {[%mdl 512]} 29. Bxd3 Rxd3 30. Qc1 Qb7 $2 (30... Rg3+ 31. Rg2 Nd3) 31. Qc2 Nh4 $2 (31... f6 $19 32. Bb2 Rg3+ 33. Rg2 Rxg2+ 34. Qxg2 Qxg2+ 35. Kxg2 fxg5) 32. Rd1 $11 Rg3+ $4 {[%mdl 8192]} (32... Rxd1+ $11 {and Black is okay.} 33. Qxd1 Qe7) 33. Kf1 $18 {[%cal Rd1d8]} g6 {aiming for ...Re3!} 34. Rd8+ Kg7 {White must now prevent ...Re3!} 35. Bb2 {And now Rxf7+ would win.} Nhf3 $2 (35... Qh1+ 36. Ke2 Rg2) 36. Nxf3 (36. Rxb8 $2 {leads to mate.} Rg1+ 37. Ke2 Re1#) 36... Rxf3 37. Rxb8 $2 ({White should play} 37. Qe2 $18 Rxf2+ 38. Kxf2) 37... Rxf2+ $11 38. Qxf2 Qxb8 39. Qf4 f6 40. g5 Nd7 41. Bxf6+ Kg8 42. Qxb8+ Nxb8 {[%mdl 4096] Endgame KB-KN} 43. Kf2 Kf7 44. Kf3 Nd7 45. Bc3 Nb8 46. h4 Nc6 47. Kg4 e5 48. h5 gxh5+ 49. Kxh5 Ke6 50. g6 Kf6 51. Bd2 {Threatens to win with Kh6.} Kg7 $1 52. Kg5 (52. Bh6+ $16 Kf6 53. Bd2) 52... Ne7 53. Bc3 Nxg6 54. Kf5 Kf7 55. a3 e4 56. Bd2 Ne7+ 57. Ke5 Nc6+ 58. Kd5 Ne7+ 59. Ke5 Nc6+ 60. Kd5 Ne7+ 61. Kd6 e3 62. Bc3 $2 (62. Bxe3 $11 Nf5+ {[%mdl 64] Double Attack} 63. Kc7) 62... Ng6 $2 (62... Nf5+ $19 63. Ke5 Nd4 $1 {[%mdl 512]}) 63. Kc6 $2 {[%mdl 8192]} (63. Kd5 $11) 63... Ke6 $19 64. a4 e2 65. a5 Ne5+ 66. Kb7 bxa5 67. Kxa7 Nd3 68. Kb6 Kd6 69. Kxa5 {Black is clearly winning.} Kc6 70. Ka4 Kb6 71. Ba5+ Ka6 {( -> ...Nb2+)} 72. Bd2 {[#]} Kb6 $2 {What a fight! Accuracy: White = 54%, Black = 67%.} (72... Nb4 $1 $19 {[%mdl 512]} 73. Bc3 (73. Bxb4 cxb4) 73... Nd3) 1/2-1/2

[Event "Catalan Youth-ch 2020"]
[Site "Salou"]
[Date "2020.09.09"]
[Round "7.1"]
[White "Romeu Viladot, Emili"]
[Black "Ribera Veganzones, Serni"]
[Result "1-0"]
[WhiteElo "1677"]
[BlackElo "1902"]
[Annotator "TA"]
[PlyCount "95"]
[EventDate "2020.09.07"]
[EventType "swiss"]
[EventCountry "ESP"]
[SourceTitle "playchess.com"]
[Source "ChessBase"]
[SourceQuality "1"]

{[%evp 15,95,-5,-5,-5,0,0,0,0,0,-20,-19,-38,-34,-35,-27,-26,-24,-34,-26,-42,-42,-45,-41,-39,-46,-42,-39,-73,-62,-80,-72,-83,-83,-129,-115,-125,-106,-193,-185,-208,-204,-218,-208,-195,-208,-169,-56,-29,-54,-183,-27,-20,0,0,0,0,0,0,0,0,0,-185,-45,-35,22,14,4870,802,567,-14,-56,-519,1134,304,29987,29988,29988,29989,29994,29995,29996,29996]} 1. d4 f5 2. Nc3 Nf6 3. Bg5 d5 4. Bxf6 exf6 5. e3 Be6 6. Bd3 Qd7 7. Qf3 Nc6 8. a3 O-O-O 9. h4 {A80: Dutch Defence: Unusual White second moves.} g6 10. Nh3 h5 11. Nf4 {The position is equal.} Bf7 12. O-O-O Kb8 13. Nh3 Ne7 {[%cal Bc6e7,Be7c8,Bc8d6,Bd6e4][%mdl 32] [#]} 14. Kb1 $146 ({Predecessor:} 14. Qe2 Nc8 15. Nf4 Bh6 16. g3 Rhe8 17. Qd2 c6 18. Kb1 Nd6 19. Rc1 Ne4 20. Nxe4 dxe4 {1-0 (65) Chilov,A (2268)-Dzhumaev,M (2483) Patras 2000}) 14... Bh6 15. Qg3 Nc8 16. Bb5 Qd6 17. Nf4 c6 {Threatens to win with ...Bxf4.} 18. Bd3 Qc7 19. Nce2 Nd6 20. Nc1 Ne4 21. Bxe4 fxe4 22. Nb3 b6 23. Rc1 Rhe8 24. Nd2 c5 25. c3 Kb7 26. b4 (26. Ne2 $17) 26... Bf8 $19 27. Nb3 c4 28. Nd2 Bd6 29. f3 exf3 30. Qxf3 Bf8 (30... Bxf4 $19 31. exf4 Be6) 31. e4 $15 {[%cal Rf4d5]} Bh6 32. g3 (32. Rhf1 $15) 32... g5 $2 (32... Bxf4 $19 33. Qxf4 dxe4) 33. hxg5 $11 fxg5 34. Nxd5 Bxd5 35. exd5 Qh7+ 36. Rc2 g4 37. Qg2 Qd3 {Hoping for ...Re2!} 38. Rf1 $2 (38. d6+ $1 $11 Kb8 39. Qc6 Bxd2 40. Qc7+ Ka8 41. d7) 38... Bxd2 ({Not} 38... Re2 39. Rf2 $15) (38... Kb8 $1 $19 39. Rf2 Re1+ 40. Kb2 Be3) 39. Rf7+ $15 Ka6 ({Black should play} 39... Kc8 $15 40. Qxd2 Rd7 41. Rxd7 Qxd2 42. Rxd2 Kxd7) 40. Qxd2 $11 Qxg3 $2 {[%mdl 8192] [#]} (40... Qxd2 $11 41. Rxd2 Re3 {[%mdl 64] Double Attack}) 41. b5+ $1 {[%mdl 512]} Kxb5 $18 42. Rb2+ $2 (42. Rxa7 $18 {[%cal Rc2b2]} Rxd5 43. Rb2+ Kc6 44. Qh6+ Qd6 45. Qh7) 42... Ka6 $11 {...Re1+ is the strong threat.} 43. Qc2 $2 {[%mdl 8192]} (43. Qh6 $15 Rd6 44. Qg7 $1 {[%mdl 512]}) 43... b5 $4 {[%mdl 8192]} (43... Qd3 $19 44. Rb4 Rxd5 45. Ra4+ Ra5 46. Qxd3 cxd3 47. Rxa5+ bxa5) 44. a4 $2 (44. Ka2 {Rxb5! would kill now.} Qb8 45. a4 Rxd5 46. Qg6+ Qb6 {[#]} 47. Rf6 $1 {[%mdl 576] Discovered Attack}) 44... Rxd5 $2 (44... Qd3 $18) 45. axb5+ {White mates.} Kb6 46. Qa4 {[%csl Gf7][%cal Ra4a7][%mdl 64] Double Attack} Re1+ {[#]} 47. Ka2 $1 {[%csl Gf7][%cal Ra4a7][%mdl 512]} Rd7 48. Rxd7 {What a bad dream for Black. Accuracy: White = 58%, Black = 60%.} 1-0

[Event "Catalan Youth-ch 2020"]
[Site "Salou"]
[Date "2020.09.09"]
[Round "7.2"]
[White "Bernado Lopez, Roger"]
[Black "Ano Pla, Gerard"]
[Result "1-0"]
[WhiteElo "2155"]
[BlackElo "1993"]
[Annotator "TA"]
[PlyCount "47"]
[EventDate "2020.09.07"]
[EventType "swiss"]
[EventCountry "ESP"]
[SourceTitle "playchess.com"]
[Source "ChessBase"]
[SourceQuality "1"]

{[%evp 19,47,67,94,100,97,72,78,70,179,178,185,206,497,497,464,333,461,187,299,301,306,143,411,335,315,243,333,333,762,753]} 1. e4 c6 2. d4 d5 3. f3 dxe4 4. fxe4 e5 5. Nf3 exd4 6. Bc4 Nf6 7. O-O Be7 8. Ng5 O-O 9. Nxf7 Rxf7 10. Bxf7+ Kxf7 11. e5 {[%mdl 64] [#] Pin. B12: Caro-Kann: Advance Variation.} Kg8 {Hoping for ...Ng4.} 12. exf6 Bxf6 13. Nd2 {[%cal Bb1d2,Bd2e4,Be4c3][%mdl 32] [#] Qe2 is the strong threat.White is better.} d3 $146 (13... Qd5 $1 $14) ({Predecessor:} 13... Be6 14. Ne4 Be7 15. Qh5 Bc4 16. Ng5 Bxg5 17. Bxg5 Qc8 18. Rf4 Nd7 19. Rxd4 Bf7 {1-0 (52) Rahal,M (2309)-Romero Calduch,S (2130) Marbella 2019}) 14. Kh1 $18 dxc2 15. Qxc2 Qd5 $2 (15... Be6 16. Ne4 Bh4) 16. Ne4 Nd7 17. Bf4 Nf8 18. Bg3 (18. Nxf6+ $142 gxf6 19. Bh6) 18... Be7 (18... Bd4 {is a better defense.} 19. Nc3 Bxc3) 19. Nc3 Qh5 20. Rae1 (20. Qb3+ $18 {is more deadly.} Kh8 21. Rae1) 20... Bf6 $2 {[%mdl 8192]} (20... Be6 $16 {was worth a try.} 21. Qa4 Qg6) 21. Ne4 Be7 22. Nd6 Bxd6 23. Bxd6 {[%csl Gd6][%cal Rf1f8] [#]} Bd7 $2 (23... Ne6 24. Re5 Qg6) 24. Qf2 {White took control after the opening. Accuracy: White = 50%, Black = 20%.} 1-0

[Event "Catalan Youth-ch 2020"]
[Site "Salou"]
[Date "2020.09.09"]
[Round "7.2"]
[White "Ribera Veganzones, Josep Maria"]
[Black "Alvarez Albiol, Victor"]
[Result "0-1"]
[WhiteElo "2101"]
[BlackElo "2123"]
[Annotator "TA"]
[PlyCount "98"]
[EventDate "2020.09.07"]
[EventType "swiss"]
[EventCountry "ESP"]
[SourceTitle "playchess.com"]
[Source "ChessBase"]
[SourceQuality "1"]

{[%evp 10,98,41,43,34,15,18,4,1,8,4,-13,40,32,29,-19,59,59,56,56,64,51,50,61,47,0,17,28,85,0,0,0,0,-47,-38,-65,-14,-20,-10,-15,-15,-10,-7,-13,0,-15,-15,-20,-15,-20,-6,-38,-26,-108,-106,-114,-92,-92,-92,-125,-103,-259,-260,-420,-456,-456,-450,-573,-560,-692,-664,-843,-899,-1185,-1213,-1101,-1157,-1654,-1621,-3237,-3006,-2639,-2302,-29980,-29981,-29978,-29979,-6091,-1659,-5289,-4030]} 1. e4 c5 2. Nf3 e6 3. b3 Nf6 4. e5 Nd5 5. g3 Nc6 6. Bb2 g6 {B40: Sicilian: 2...e6, Unusual lines.} 7. Bg2 Bg7 8. O-O d6 {[%cal Rd6e5] [#] The position is equal.} 9. Qe2 $146 ({Predecessor:} 9. Re1 O-O 10. Na3 dxe5 11. Nxe5 Nce7 12. Qc1 Nf5 13. Nd3 Qc7 14. Bxg7 Kxg7 15. Qb2+ {1-0 (57) Vella,D (1989)-Strade,A (1864) Andorra la Vella 2017}) 9... O-O 10. Na3 Rb8 ({Black should try} 10... dxe5 $11 11. Nxe5 Nd4 12. Bxd4 cxd4) 11. Nc4 $14 dxe5 12. Nfxe5 Nxe5 (12... Nd4 $11 13. Bxd4 cxd4) 13. Bxe5 Bxe5 14. Qxe5 Qc7 15. d4 cxd4 16. Qxd4 b5 17. Ne5 f6 (17... Nc3 $5 {[%cal Rc3e2]} 18. Rfe1 Rd8 $11) 18. Ng4 h5 {[#]} (18... Qb6 $11 19. Qd2 Bb7) 19. Bxd5 (19. c4 $1 $16) 19... hxg4 $11 20. Bg2 e5 21. Qd5+ Kg7 22. Rfd1 Rf7 (22... Bf5 $15) 23. c3 Bb7 24. Qd3 Bxg2 25. Kxg2 Qc6+ 26. Kg1 Qe6 27. Qd6 (27. Rac1 {keeps more tension.} Qf5 28. Qe2 Qh5 29. Rd5 Rh8 30. h4) 27... Qxd6 28. Rxd6 {[%mdl 4096] Endgame KRR-KRR} Rc7 29. Rc1 Rbc8 30. Rd3 e4 31. Re3 (31. Rd6 $11 {keeps the balance.}) 31... f5 $17 32. c4 bxc4 33. Rec3 Kf6 34. Kf1 Ke5 35. Ke2 $2 {[#] Loses the game.} (35. bxc4 $17 Rh8 36. R3c2) 35... Kd4 $1 $19 36. R3c2 $2 (36. Kd2) 36... c3 37. Rd1+ Ke5 38. Rdc1 g5 39. b4 f4 40. gxf4+ gxf4 41. Rg1 f3+ 42. Kd1 Kf4 43. Re1 Rh8 44. Rh1 Rch7 45. Rxc3 Rxh2 46. Rf1 Rh1 47. Re1 Rxe1+ 48. Kxe1 Rh1+ 49. Kd2 Rf1 {Accuracy: White = 45%, Black = 88%.} 0-1

[Event "Catalan Youth-ch 2020"]
[Site "Salou"]
[Date "2020.09.09"]
[Round "7.3"]
[White "Vinuesa Sorli, Ruben"]
[Black "Garcia Caro, Juan Alberto"]
[Result "1-0"]
[WhiteElo "1903"]
[BlackElo "1933"]
[Annotator "TA"]
[PlyCount "99"]
[EventDate "2020.09.07"]
[EventType "swiss"]
[EventCountry "ESP"]
[SourceTitle "playchess.com"]
[Source "ChessBase"]
[SourceQuality "1"]

{[%evp 17,99,9,65,18,49,0,0,0,8,0,0,0,76,57,86,39,97,83,70,4,29,17,193,198,186,173,786,99,117,114,109,107,159,159,143,128,122,123,118,118,120,111,165,19,26,20,18,26,63,9,9,9,12,8,405,405,390,221,221,221,320,303,258,221,221,221,416,408,1057,858,413,413,444,8,8,8,8,8,29987,29988,29988,29989,29989,29990]} 1. e4 c5 2. Nf3 e6 3. d4 cxd4 4. Nxd4 Nf6 5. Nc3 d6 6. Be3 a6 7. f3 b5 8. Qd2 Nbd7 9. g4 Nb6 {9...b4 is a critical line.} ({Black should play} 9... h6 $11) 10. a3 {B80: Sicilian Scheveningen: 6 g3 and 6 Be3, including English Attack.} Bb7 11. O-O-O Rc8 12. Rg1 {The position is equal.} Nfd7 13. Kb1 Ne5 14. b3 d5 (14... Ned7 $11 {keeps the balance.}) 15. f4 $36 {[%mdl 2048] White has the initiative.} Ned7 {[#]} 16. exd5 $146 ({Predecessor:} 16. Bg2 b4 17. Nxd5 exd5 18. exd5 Nxd5 19. Bxd5 Bxd5 20. Rge1 Nf6 21. Nc6 Rxc6 22. Bb6+ {½-½ (63) Mareco,S (2582)-Dann,M (2443) Basel 2014}) 16... Nxd5 17. Nxd5 Bxd5 18. Bg2 ({Better is} 18. f5 $1 $14) 18... Nf6 19. f5 {Hoping for fxe6.} e5 $2 {[#]} (19... Bxa3 $11 {and Black has nothing to worry.} 20. fxe6 fxe6) 20. Nxb5 $1 $18 {[%mdl 512]} axb5 21. Bxd5 {Threatening mate with Bc6+!} Bxa3 $2 {[#]} (21... Qc7) 22. g5 $2 (22. Bc6+ $1 $18 {[%mdl 512] is the precise move to win.} Ke7 {[#]} (22... Rxc6 23. Qxd8#) 23. Qc3 $1 {[%mdl 512]}) 22... Nxd5 $16 23. Qxd5 {[%mdl 64] Double Attack} O-O {White must now prevent ...Qc7.} 24. Qxe5 Qc7 (24... Qe8 $142 25. Bd4 Qxe5 26. Bxe5 Rfd8) 25. Qxc7 Rxc7 26. f6 Rfc8 27. Rg2 Re8 28. Bd4 Rd7 29. Rgd2 Red8 (29... Bf8 $16 30. c3 Rd6) 30. Bc3 (30. c3 $18) 30... Rxd2 $11 31. Rxd2 Rxd2 32. Bxd2 {[%mdl 4096] Endgame And now b4 would win. KB-KB} Bd6 $1 33. h3 (33. fxg7 $14 Bxh2 34. Bc3) 33... gxf6 $1 34. gxf6 {With the idea Kb2.} Be5 35. Bg5 h6 $2 {[%mdl 8192]} (35... Bc3 $11) 36. Bxh6 $18 Bxf6 37. Kc1 (37. c4 $142) 37... Kh7 38. Be3 Bc3 (38... Kg6 {was worth a try.} 39. Kd2 Kh5) 39. Kd1 Kg6 40. Ke2 Kh5 {intending ...Kh4.} 41. Bf2 f5 $2 (41... b4 42. Ke3 Kg5) 42. Kd3 Be5 (42... b4 $142 43. Bd4 Bxd4 44. Kxd4 Kh4) 43. c4 bxc4+ 44. Kxc4 Kg5 45. Kd3 $2 (45. b4 $18) 45... Kf4 $1 $11 46. b4 {[%cal Bb3b4,Bb4b5,Bb5b6][%mdl 32] aiming for Be1.} Kf3 47. Be1 {Strongly threatening h4.} Bg3 $2 {[%mdl 8192]} (47... Bc7 $11) 48. Bxg3 {White mates.} Kxg3 49. b5 f4 50. b6 {Accuracy: White = 57%, Black = 49%.} 1-0

[Event "Catalan Youth-ch 2020"]
[Site "Salou"]
[Date "2020.09.09"]
[Round "7.3"]
[White "Pera Muntasell, Marc"]
[Black "Saguillo Gonzalez, Oriol"]
[Result "0-1"]
[WhiteElo "1890"]
[BlackElo "2124"]
[Annotator "TA"]
[PlyCount "76"]
[EventDate "2020.09.07"]
[EventType "swiss"]
[EventCountry "ESP"]
[SourceTitle "playchess.com"]
[Source "ChessBase"]
[SourceQuality "1"]

{[%evp 11,76,16,17,14,5,13,12,11,20,21,71,16,28,-9,-15,-11,-12,-42,-42,-47,-36,-45,-40,-52,-45,-50,-13,-64,-14,-46,-18,-20,0,-8,-8,-25,-14,-89,-98,-172,-106,-87,-10,-68,-55,-115,-131,-160,-137,-222,-207,-155,-162,-267,-255,-780,-757,-1357,-1341,-1341,-1222,-1935,-1914,-1783,-1272,-29991,-1449]} 1. e4 e5 2. Nf3 Nc6 3. Bc4 Bc5 4. Nc3 Nf6 5. d3 O-O 6. Bg5 h6 7. Bxf6 {C50: Hungarian Defence and Giuoco Pianissimo.} Qxf6 8. Nd5 Qd8 9. O-O {The position is equal.} Re8 {[#]} 10. a4 $146 ({Predecessor:} 10. c3 d6 11. b4 Bb6 12. Nxb6 axb6 13. a3 Bg4 14. h3 Bxf3 15. Qxf3 Rf8 16. d4 exd4 17. cxd4 Nxd4 {0-1 (57) Huisamen,D (622)-Allie,I (957) Bloemfontein 2016}) 10... Bf8 11. h3 (11. c3 $16) 11... d6 $11 12. Nh2 Nd4 13. c3 Ne6 14. f4 c6 15. f5 $1 {[%cal Rf5e6]} cxd5 16. fxe6 Bxe6 17. Bxd5 Bxd5 18. exd5 g6 19. g4 (19. Qf3 $11 f5 20. g4) 19... Bg7 20. Kh1 Rf8 21. Nf3 Qa5 22. Qb3 Rae8 23. Nd2 ({Reject} 23. Qxb7 Rb8 $15) 23... Qd8 24. Rae1 (24. Qd1 $11 {keeps the balance.}) 24... h5 $1 $17 {...Qh4 is the strong threat.} 25. Qb4 (25. Nf3 $17 {might work better.}) 25... hxg4 (25... Qh4 $19 26. Re3 Bh6) 26. Qxg4 Qa5 (26... Bh6 $1 $17 {[%cal Rh6d2]} 27. Ne4 Bf4) 27. Qc4 (27. Qg2 $11) 27... f5 $15 28. Rg1 {[#]} ({Better is} 28. Rf2 $15) 28... Kf7 $1 $17 29. Nf3 {[#] Black must now prevent b4.} Bf6 $1 30. Ng5+ (30. Rg3 $17) 30... Bxg5 $1 $19 31. Rxg5 Rh8 $36 {[%mdl 2048] Black is in control.} 32. Kg2 (32. Re3 $142) 32... Qd8 33. h4 $2 {[#]} (33. Rg3) 33... e4 $1 {[%mdl 512]} 34. Qb5 (34. dxe4 Rxh4) 34... Rxh4 35. Qxb7+ Re7 36. Qb4 Rd7 37. Rg3 Qh8 {( -> ...Rh2+)} 38. Kf2 e3+ {Accuracy: White = 31%, Black = 76%.} (38... Rh2+ $142 39. Kf1 Qh4 40. Qxe4 fxe4 41. Ree3 Qf4+ 42. Rgf3 exf3 {[%mdl 64] Discovered Attack} 43. Re4 Qc1+ 44. Re1 Qxb2 45. Re7+ Rxe7 46. Kg1 Qg2#) 0-1